01509 am a2200337 a 450000500170000000800410001702000150005804100080007309200200008110000360010124500770013725000210021426000650023530000110030050001520031159000490046365300320051265300340054465300430057865300420062165300510066365300360071465300410075065300460079170000340083793000090087194200120088099900130089295201150090595201510102020240529103845.0101105s1996||||ck a f |||| 001 0 spa d a9589181309 aspa c616.075l3sANG1 aÁngel Mejía, Gilberto.9663 aInterpretación clínica del laboratorio / cGilberto Ángel Mejía a5a ed. 1a reimp. aBogota [Colombia]: bEditorial Médica Panamericana;c1996. a664 p. aÁngel Mejía, G. y Ángel Ramelli, M. (1996). Interpretación clínica del laboratorio. (5a ed.). Bogotá : Editorial Médica Panamericana. aDonación de Elena de Roso. Noviembre 2010. aComprimidos de laboratorios aCifras usuales en laboratorio aDiferentes preservativos para la orina aTipo de sangre en muestras analizadas aCifras internacionales normales en laboratorio aValores normales en veterinaria aIndice de abreviaturas más usuales aAbreviaturas de anticuerpos y antígenos1 aAngel Ramelli, Mauricio.9664 a2177 2ddccBK c798d798 00104070aBFMbBFMcCRd2011-05-13l10m2o616.075 3 ANGp2177r2017-10-19s2017-10-17tej.1w2011-05-13yBK 00102ddc4070aBFMbBFMcREFd2011-09-23l1m11o616.075 3 ANGp1078q2029-03-01r2014-11-06s2011-09-23tej.2w2011-09-23yBKzLIBRO DE CATEDRA